| 000 | 00000nam##2200000za#4500 |
| 001 | 9.615467 |
| 003 | CaOODSP |
| 005 | 20200514165627 |
| 007 | ta |
| 008 | 150406|2000||||xxc||||| f|0| 0 eng|d |
| 040 | |aCaOODSP|beng |
| 043 | |an-cn--- |
| 086 | 1 |aNH18-23/69E |
| 110 | 2 |aCanada Mortgage and Housing Corporation. |
| 245 | 10|aEconomic impacts of residential construction |
| 260 | |aOttawa - Ontario : |bCanada Mortgage and Housing Corporation |c2000. |
| 300 | |a14p. : |btables ; |c28 cm. |
| 490 | 1 |aResearch highlight. Socio-economic series |v69 |
| 563 | |aPamphlet |
| 590 | |a01-02|b2001-01-12 |
| 690 | 07|aEconomic analysis|2gcpds |
| 690 | 07|aHousing|2gcpds |
| 690 | 07|aConstruction industry|2gcpds |
| 775 | 08|tLes incidences économiques de la construction résidentielle |w(CaOODSP)9.625541 |
| 776 | 0#|tEconomic impacts of residential construction |w(CaOODSP)9.571748 |
| 830 | #0|aResearch highlight. Socio-economic series ;|v69|w(CaOODSP)9.514827 |
| 986 | |aNHA 2266 |